• 首页
  • 本馆介绍
  • 公告通知
  • 最新文献
  • 馆藏检索
  • 电子资源
  • 读者导购
  • 参考咨询
  • 我的图书馆
  • 登录
  • 详细信息显示
  • 放入我的书架
  • 预约/预借图书
  • 作者相关作品
  • 分类相关作品
  • 丛书相关作品
  • 出版社相关作品

书目信息

  • 表格格式
  • 工作单格式
  • 卡片格式
题名:
香港沧桑与腾飞
    
 
作者: 刘家泉 著
分册:  
出版信息: 北京   中共中央党校出版社  1996
页数: 314页
开本: 20cm
丛书名:
单 册:
中图分类: D625.658
科图分类:
主题词: 政治--中国
电子资源:
ISBN: 7-5035-1508-2
000 00595nam0 2200217 45
001 1254416950
005 20121005162717.50
010    @a7-5035-1508-2@dCNY14.00
100    @a19970825d1996 emky0chiy0121 ea
101 0  @achi
102    @aCN@b110000
105    @af iz 000yy
200 10 @a香港沧桑与腾飞@Axiang gang cang sang yu teng fei@f刘家泉著
210    @a北京@c中共中央党校出版社@d1996
215    @a314页@c照片@d20cm
606 0  @a政治@x中国
607    @a香港@x概况
690    @aD625.658@v3
701  0 @a刘家泉@Aliu jia quan@4著
801  0 @aCN@bTSSF@c19970905
905    @a10447@dD625.658@eJY2
    
    香港沧桑与腾飞/刘家泉著.-北京:中共中央党校出版社,1996
    314页:照片;20cm
    
    
    ISBN 7-5035-1508-2:CNY14.00
    
●
相关链接 在E读中查询图书 在五车中查询图书 在当当中查询图书 在豆瓣中查询图书


正题名:香港沧桑与腾飞     索取号:D625.658/JY2         预约/预借

序号 登录号 条形码 馆藏地/架位号 状态 备注
1 7811870   278118706   学院路分馆/ [索取号:D625.658/JY2] 在馆    
2 7811871   278118715   学院路分馆/ [索取号:D625.658/JY2] 在馆    
唐山师范学院图书馆 欢迎您!
大连网信软件有限公司© 版权所有